000 00844cam a2200253 4500
001 ##D15449
002 ##2979
008 090401t1984 xxu||||| |||| 00| 0 eng d
020 _a0854062661
035 _a(Sirsi) u22920
041 0 _aeng
050 0 4 _a690.2 $2 18
110 2 _aRoyal Institution of Chartered Surveyors
_94900
245 0 0 _aGuidance notes for the inspection and certification of domestic structures
260 _aLondon
_bSurveyors' Publications
_c1984
300 _a2p.
_c30cm
490 0 _aRICS Guidance Note
490 0 _aRICS Stationery
520 _aSuperseded by 1987 reprint (B904). Accompanies "Form of agreement for inspection and certification of domestic structures" (D15406).
651 4 _aEngland and Wales
_y1543-
690 _aBUILT ENVIRONMENT-BUILDING INSPECTION
942 _n0
948 _c04/03/1997
999 _c88276
_d88276